Detroit Tigers 2025 Roster - Statistics

General Stats
  • This quiz has been taken 100 times
  • The average score is 19 of 31
Answer Stats
Jersey # Pos Player % Correct
29 P Tarik Skubal
96%
31 LF Riley Greene
93%
28 CF Javier Baez
92%
13 C Dillon Dingler
89%
20 1B Spencer Torkelson
89%
30 RF Kerry Carpenter
84%
12 P Casey Mize
82%
9 P Jack Flaherty
82%
39 3B Zach McKinstry
81%
34 C Jake Rogers
79%
22 CF Parker Meadows
78%
25 2B Gleyber Torres
77%
46 RF Wenceel Perez
75%
33 2B Colt Keith
73%
19 BP Will Vest
68%
8 CF Matt Vierling
67%
77 3B Andy Ibanez
62%
21 P Jackson Jobe
59%
87 BP Tyler Holton
58%
45 P Reese Olson
56%
99 BP Rafael Montero
49%
43 BP Tommy Kahnle
45%
52 P Troy Melton
45%
18 RF Jahmai Jones
42%
48 BP Brant Hurter
41%
64 BP Kyle Finnegan
38%
40 P Chris Paddack
26%
66 P Sawyer Gipson-Long
16%
73 BP Sean Guenther
12%
49 BP Luke Jackson
11%
62 BP Paul Sewald
8%
No matching quizzes found
Score Distribution
Percent of People with Each Score
Percentile by Number Answered
Your Score History
You have not taken this quiz